Health and wellness in Egypt.
| Format: | Book |
|---|---|
| Published: |
London:
Euromonitor International,
2015.
|
| Series: | Market report : April 2015
|
| Subjects: |
| LEADER | 00531cam a2200157 7i4500 | ||
|---|---|---|---|
| 001 | 0000032566 | ||
| 005 | 20150818090000.0 | ||
| 090 | 0 | 0 | |a EGPT 641.302 |b HEA |
| 245 | 0 | 0 | |a Health and wellness in Egypt. |
| 260 | 0 | 0 | |a London: |b Euromonitor International, |c 2015. |
| 300 | # | # | |a 85 pages. |
| 440 | 0 | 0 | |a Market report : April 2015 |
| 650 | 0 | 0 | |a Health products -- |x Markets -- |z Egypt |
| 650 | 0 | 0 | |a Healthy food -- |x Markets -- |z Egypt |
| 650 | 0 | 0 | |a Healthy beverage -- |x Markets -- |z Egypt |
| 999 | |a B000036503 |b Book |c Countries |e Business Information Centre | ||